|
|
|
|
| LEADER |
02337cam a2200673 i 4500 |
| 001 |
nkc20172877988 |
| 003 |
CZ PrNK |
| 005 |
20170412084450.0 |
| 007 |
ta |
| 008 |
161201s2016 xr e f 000 0 cze d |
| 015 |
|
|
|a cnb002877988
|
| 020 |
|
|
|a 978-80-87904-63-3
|q (KMS ;
|q brožováno)
|
| 035 |
|
|
|a (OCoLC)987027003
|
| 040 |
|
|
|a OSA001
|b cze
|d BOA001
|e rda
|
| 041 |
1 |
|
|a cze
|h eng
|
| 072 |
|
7 |
|a 27
|x Křesťanství. Křesťanská církev všeobecně. Eklesiologie
|2 Konspekt
|9 5
|
| 080 |
|
|
|a 27-144.896
|2 MRF
|
| 080 |
|
|
|a 27-184.85
|2 MRF
|
| 080 |
|
|
|a 2-312.6-584.5
|2 MRF
|
| 080 |
|
|
|a 27-733
|2 MRF
|
| 080 |
|
|
|a 279.125
|2 MRF
|
| 080 |
|
|
|a 279.123
|2 MRF
|
| 080 |
|
|
|a 27-277.2
|2 MRF
|
| 080 |
|
|
|a (035)
|2 MRF
|
| 100 |
1 |
|
|a Heward-Mills, Dag,
|d 1963-
|7 osa2016904867
|4 aut
|
| 240 |
1 |
0 |
|a Steps to the anointing.
|l Česky
|
| 245 |
1 |
0 |
|a Kroky k pomazání /
|c Dag Heward-Mills ; překlad: Karolina Limrová
|
| 250 |
|
|
|a První české vydání
|
| 264 |
|
1 |
|a Praha :
|b Nakladatelství KMS,
|c 2016
|
| 300 |
|
|
|a 140 stran ;
|c 22 cm
|
| 336 |
|
|
|a text
|b txt
|2 rdacontent
|
| 337 |
|
|
|a bez média
|b n
|2 rdamedia
|
| 338 |
|
|
|a svazek
|b nc
|2 rdacarrier
|
| 500 |
|
|
|a Přeloženo z angličtiny
|
| 500 |
|
|
|a Vydáno pro Parchment House
|
| 650 |
0 |
7 |
|a Duch svatý
|7 ph117519
|2 czenas
|
| 650 |
0 |
7 |
|a duchovní dary
|7 ph119627
|2 czenas
|
| 650 |
0 |
7 |
|a vnitřní konverze (náboženství)
|7 ph127150
|2 czenas
|
| 650 |
0 |
7 |
|a služby v církvi
|7 ph119301
|2 czenas
|
| 650 |
0 |
7 |
|a letniční hnutí
|7 ph122271
|2 czenas
|
| 650 |
0 |
7 |
|a evangelikální hnutí
|7 ph114504
|2 czenas
|
| 650 |
0 |
7 |
|a biblické citáty
|7 ph118853
|2 czenas
|
| 650 |
0 |
9 |
|a Holy Spirit
|2 eczenas
|
| 650 |
0 |
9 |
|a spiritual gifts
|2 eczenas
|
| 650 |
0 |
9 |
|a interior conversion
|2 eczenas
|
| 650 |
0 |
9 |
|a church‘s ministries
|2 eczenas
|
| 650 |
0 |
9 |
|a Pentecostal movements
|2 eczenas
|
| 650 |
0 |
9 |
|a Evangelical movements
|2 eczenas
|
| 650 |
0 |
9 |
|a Biblical quotations
|2 eczenas
|
| 655 |
|
7 |
|a příručky
|7 fd133209
|2 czenas
|
| 655 |
|
9 |
|a handbooks and manuals
|2 eczenas
|
| 700 |
1 |
|
|a Limrová, Karolina,
|d 1979-
|7 xx0134716
|4 trl
|
| 910 |
2 |
|
|a BOA001
|b 2-1385.208
|
| 920 |
|
|
|a 000703568
|z OSA001
|
| 928 |
9 |
|
|a Parchment House
|
| 990 |
|
|
|a BK
|
| 995 |
|
|
|a 01
|
| 991 |
|
|
|b 201703
|c NOV
|
| 996 |
6 |
|
|b 2610700771
|c 2-1385.208
|l MZK
|r Sklad / do 1 hodiny
|n 0
|p p.v.
|w 001603144
|u 000010
|a 1
|e BOA001
|j MZK50
|s P
|